书目信息 |
| 题名: |
家庭生活宜忌宝典
|
|
| 作者: | 陈长红 主编 | |
| 分册: | ||
| 出版信息: | 北京 中医古籍出版社 2007 |
|
| 页数: | 24,355页 | |
| 开本: | 22cm | |
| 丛书名: | ||
| 单 册: | ||
| 中图分类: | TS976.3 , R161 | |
| 科图分类: | ||
| 主题词: | 家庭生活--基本知识 , 家庭生活 , 个人卫生 | |
| 电子资源: | ||
| ISBN: | 978-7-80174-509-5 | |
| 000 | 00844nam0 2200265 450 | |
| 001 | 1572734270 | |
| 005 | 20150129201255.55 | |
| 010 | @a978-7-80174-509-5@dCNY20.00 | |
| 100 | @a20070404d2007 em y0chiy50 ea | |
| 101 | 0 | @achi |
| 102 | @aCN@b110000 | |
| 105 | @ay z 000yy | |
| 200 | 1 | @a家庭生活宜忌宝典@9jia ting sheng huo yi ji bao dian@f陈长红主编 |
| 210 | @a北京@c中医古籍出版社@d2007 | |
| 215 | @a24,355页@d22cm | |
| 300 | @a家庭生活健康宝典 | |
| 330 | @a本书对现代家庭生活的各个方面进行全面科学的阐述。内容包括:居家生活宜忌,家庭医疗保健宜忌,特殊人群的特殊宜忌,处世交往宜忌,美容秘诀等。 | |
| 606 | 0 | @a家庭生活@x基本知识 |
| 606 | 0 | @a家庭生活 |
| 606 | 0 | @a个人卫生 |
| 690 | @aTS976.3@v5 | |
| 690 | @aR161@v4 | |
| 701 | 0 | @a陈长红@9chen chang hong@4主编 |
| 801 | 0 | @aCN@bTSSF@c20150129 |
| 905 | @aZUCC@dR161@eJY295 | |
| 家庭生活宜忌宝典/陈长红主编.-北京:中医古籍出版社,2007 |
| 24,355页;22cm |
| 家庭生活健康宝典 |
| ISBN 978-7-80174-509-5:CNY20.00 |
| 本书对现代家庭生活的各个方面进行全面科学的阐述。内容包括:居家生活宜忌,家庭医疗保健宜忌,特殊人群的特殊宜忌,处世交往宜忌,美容秘诀等。 |
| ● |
| 相关链接 |
|
|
|
|
正题名:家庭生活宜忌宝典
索取号:R161/JY295
 
预约/预借
| 序号 | 登录号 | 条形码 | 馆藏地/架位号 | 状态 | 备注 |
| 1 | 7862688 | 278626881 | 学院路分馆/ [索取号:R161/JY295] | 在馆 | |
| 2 | 7862690 | 278626907 | 学院路分馆/ [索取号:R161/JY295] | 在馆 |